Die 25 besten Sänger*innen aller Zeiten - Statistiken

Allgemein
  • Dieses Quiz wurde 203 mal gespielt
  • Das Durchschnittsergebnis liegt bei 3 aus 25
Antwortstatistiken
Sänger*innen % Korrekt
Michael Jackson
85%
Elvis Presley
54%
Freddie Mercury
36%
Tina Turner
28%
John Lennon
24%
Paul McCartney
18%
Aretha Franklin
14%
Mick Jagger
14%
Bob Dylan
12%
David Bowie
9%
Bob Marley
7%
Johnny Cash
7%
Ray Charles
6%
Stevie Wonder
5%
Roy Orbison
4%
Robert Plant
3%
James Brown
2%
Otis Redding
2%
Van Morrison
2%
Al Green
1%
Etta James
1%
Little Richard
1%
Marvin Gaye
1%
Sam Cooke
1%
Smokey Robinson
0%
Keine übereinstimmenden Quizze gefunden
Verteilung der Resultate
Anzahl Personen mit jedem Resultat
Perzentil nach korrekt beantworteten Fragen
Ihre Resultats-Entwicklung
Sie haben dieses Quiz noch nicht gespielt